LEADER 01343cas--2200421---4500 001 990000336840203316 005 20110207132457.0 011 $a1016-3328 035 $a0033684 035 $aUSA010033684 035 $a(ALEPH)000033684USA01 035 $a0033684 100 $a20010207d--------km-y0ENGy0103----ba 101 $aeng 102 $aCH 110 $aahazz--|||| 200 1 $aComputational complexity$fBirkhauser Verlag 210 $aBasel$cBirkhäuser 215 $av.$cill.$d24 cm 300 $aComincia nel 1991 300 $aDescrizione basata su Vol.11, n.1(2002)- 326 $aTrimestrale 606 0$aComplessità computazionale$xPeriodici$2BNCF 676 $a511.305 712 02$aBirkhauser Verlag 801 0$aIT$bsalbc$gISBD 856 $uhttp://periodici.caspur.it/cgi-bin/sciserv.pl?collection=journals&issn=10163328$4.$zOnline da workstation autorizzate 912 $a990000336840203316 958 $aSCI$bPER II$c1992-$l1994; 959 $aSE 979 $aPATTY$b90$c20010207$lUSA01$h1306 979 $c20020403$lUSA01$h1641 979 $aPATRY$b90$c20040406$lUSA01$h1623 979 $aCIANATIEMP$b90$c20110118$lUSA01$h1245 979 $aCIANATIEMP$b90$c20110126$lUSA01$h1721 979 $aCIANATIEMP$b90$c20110207$lUSA01$h1324 996 $aComputational complexity$9878005 997 $aUNISA LEADER 03694oam 2200685I 450 001 9910791923103321 005 20230802012634.0 010 $a1-136-29960-2 010 $a9786613833617 010 $a1-136-29961-0 010 $a1-283-52116-4 010 $a0-203-11656-9 024 7 $a10.4324/9780203116562 035 $a(CKB)2560000000089307 035 $a(OCoLC)804038691 035 $a(CaPaEBR)ebrary10589035 035 $a(SSID)ssj0000696791 035 $a(PQKBManifestationID)11481592 035 $a(PQKBTitleCode)TC0000696791 035 $a(PQKBWorkID)10682605 035 $a(PQKB)10346346 035 $a(MiAaPQ)EBC987999 035 $a(Au-PeEL)EBL987999 035 $a(CaPaEBR)ebr10589035 035 $a(CaONFJC)MIL383361 035 $a(FINmELB)ELB135582 035 $a(EXLCZ)992560000000089307 100 $a20180706d2012 uy 0 101 0 $aeng 135 $aurcn||||||||| 181 $ctxt 182 $cc 183 $acr 200 10$aSolution focused brief therapy $e100 key points and techniques /$fHarvey Ratner, Evan George, and Chris Iveson 210 1$aHove, East Sussex ;$aNew York, N.Y. :$cRoutledge,$d2012. 215 $a1 online resource (268 p.) 225 0 $a100 key points 300 $aBibliographic Level Mode of Issuance: Monograph 311 $a0-415-60612-8 311 $a0-415-60613-6 320 $aIncludes bibliographical references. 327 $apt. 1. Background -- pt. 2. Features of solution focused interviewing -- pt. 3. Getting started -- pt. 4. Establishing a contract -- pt. 5. The client's preferred future -- pt. 6. When has it already happened? : instances of success -- pt. 7. Measuring progress : using scale questions -- pt. 8. Coping questions : when times are tough -- pt. 9. Ending sessions -- pt. 10. Conducting follow-up sessions -- pt. 11. Ending the work -- pt. 12. Assessment and safeguarding -- pt. 13. Children, families, schools, and groupwork -- pt. 14. Work with adults -- pt. 15. Supervision, coaching, and organizational applications -- pt. 16. Frequently asked questions. 330 $a"Solution Focused Brief Therapy: 100 Key Points and Techniques provides a concise and jargon-free guide to the thinking and practice of this exciting approach, enabling people to make changes in their lives quickly and effectively. It covers: - This history and background to solution focused practice - The philosophical underpinnings of the approach - Dealing with difficult situations - Specific applications to children, adolescents, families, and schools - Organisational applications including supervision, coaching and leadership. - Frequently asked questions This book is an invaluable resource for all therapists and counsellors, whether in training or practice. It will also be essential for any professional whose job it is to help people make changes in their lives, and will therefore be of interest to social workers, probation officers, psychiatric staff, doctors, and teachers, as well as those working in organisations as coaches and managers"--$cProvided by publisher. 410 0$a100 key points. 606 $aSolution-focused brief therapy 606 $aSolution-focused therapy 615 0$aSolution-focused brief therapy. 615 0$aSolution-focused therapy. 676 $a616.89/147 686 $aPSY028000$aPSY036000$2bisacsh 700 $aRatner$b Harvey.$0925238 701 $aGeorge$b Evan$f1951-$01519027 701 $aIveson$b Chris$0925236 801 0$bMiAaPQ 801 1$bMiAaPQ 801 2$bMiAaPQ 906 $aBOOK 912 $a9910791923103321 996 $aSolution focused brief therapy$93756904 997 $aUNINA LEADER 04857nam 2200553 450 001 9910554278103321 005 20230629233245.0 010 $a3-0356-2262-0 024 7 $a10.1515/9783035622621 035 $a(CKB)5590000000537008 035 $a(OCoLC)1262308099 035 $a(MiAaPQ)EBC6945044 035 $a(Au-PeEL)EBL6945044 035 $a(DE-B1597)566798 035 $a(DE-B1597)9783035622621 035 $a(EXLCZ)995590000000537008 100 $a20221115d2021 uy 0 101 0 $aeng 135 $aur|n#|||||||| 181 $ctxt$2rdacontent 182 $cc$2rdamedia 183 $acr$2rdacarrier 200 10$aKorean modern $ethe matter of identity : an exploration into modern architecture in an East Asian country /$fPeter G. Rowe, Yun Fu and Jihoon Song 210 1$aBerlin ;$aBoston, MA :$cWalter de Gruyter GmbH,$d[2021] 210 4$d©2021 215 $a1 online resource (336 pages $cillustrations, photographs) 311 08$aPrint version: 9783035622614 3-0356-2261-2 327 $tFrontmatter --$tContents --$tChapter 1 Introduction --$tOn Modernity and a Path- Dependent Turn --$tOn 'Koreanness': Han Minjok and Reaching Out --$tOrganization of the Book --$tChapter 2 Movement in the Late Joseon Dynasty --$tKing Jeongjo Proceeds to the Hwaseong Fortress --$tThe Geojunggi and Architectural Depiction --$tConsolidation of Power towards the Gwangmu Reforms --$tThe Gyeongbokgung Restoration --$tSeokjojeon --$tChapter 3 Under the Thumb of Colonial Rule --$tThree Phases of Colonial Rule --$tArchitectural Symbols of Colonial Rule --$tPlaces of Worship in the Manner of the West --$tTwo Department Stores and Modernity --$tA Modernism of the East --$tChapter 4 The Generals, Park's Regime and Followers --$tThe Rise of Chung-hee Park --$tThe Two Architects Kim --$tRe- Interpreting and Sublimating Tradition --$tExploring Modern Technology --$tPulling Up with the Times --$tChapter 5 Modern Democracy and the 4.3 Group --$tThe Building of a New Korea --$tThe Beauty of Poverty and Structuring Emptiness --$tMaking Frames, Walls and Voids --$tArchitectural Essences and Themes --$tChapter 6 The Sixth Republic and Returning Contemporaries --$tSpatial Recoveries --$tSpatial Flows --$tOthers --$tRealizing Cultural Potentials --$tChapter 7 Koreanness: Some Observations --$tTraditional Tropes --$tEfficient Project Delivery --$tSelf- Reference --$tConsolidating Identity --$tReferences --$tBiographical Notes --$tAcknowledgments --$tIllustration Credits --$tAbout the Authors --$tIndex 330 $aDie Entwicklung der modernen Architektur in Korea und später in Südkorea ist eng mit den Umwälzungen verbunden, denen das Land seit dem späten 19. Jahrhundert ausgesetzt war. Die Autoren untersuchen die wichtigsten Perioden von der späten Joseon-Dynastie bis zur demokratischen Gegenwart und zeigen, wie die Architektur mittels technologischer und stilistischer Sprünge seit langem einen wesentlichen Beitrag zur Identitätsstiftung der koreanischen Nation leistet. Die architektonischen Analysen konzentrieren sich auf Gebäude, an denen die Herausbildung eines spezifisch koreanischen Modernismus besonders gut zu beobachten ist: Sie reichen von der Festung Hwaseong bis zu Bauten des 21. Jahrhunderts wie der Paju Book City, dem Ssamziegil Shopping Center, dem Wolkenkrater Boutique Monaco und dem Bauzium Sculpture Museum. 330 $aThe development of modern architecture in Korea and, more recently, South Korea, is closely tied to the country?s dramatic transformations since the late 19th century. The authors interrogate major periods from the Late Joseon Dynasty to the vibrant democratic present, showing how architecture, by making technological and stylistic leaps, has played a important role in the construction of the nation?s identity. The architectural analyses, ranging from Hwaseong Fortress to 21st-century constructions like Paju Book City, Ssamziegil Shopping Center, the Boutique Monaco skyscraper, and the Bauzium Sculpture Museum, focus on buildings in which the formation of a specifically Korean modernism is particularly observable. The appendix includes biographical descriptions of major architectural figures. 606 $aArchitecture, Korean$zKorea (South)$y20th century 606 $aArchitecture, Korean$zKorea (South)$y21st century 607 $aKorea (South)$2fast 610 $aArchitecture History. 610 $aArchitecture. 610 $aKorea, Modernism, Urbanism. 615 0$aArchitecture, Korean 615 0$aArchitecture, Korean 676 $a720.95195/0904 700 $aRowe$b Peter G.$035270 702 $aFu$b Yun$cDDes, 702 $aSong$b Jihoon 801 0$bMiAaPQ 801 1$bMiAaPQ 801 2$bMiAaPQ 906 $aBOOK 912 $a9910554278103321 996 $aKorean modern$92815942 997 $aUNINA